000 01647nam a2200349 c 4500
003 BLK
005 20180420213719.0
008 180412b bul|||||r ||||||| ||bul||
010 _aKNG00004767000
020 _a954-01-0595-1
_bиздат.: Просвета
040 _aBLK
041 _aBUL
_cBUL
080 _aВъзпитание на душевно болни. Аутизъм(пед. аспекти) - Недоразвити, умствено изостанали, идиоти, психопати и др.
_b376.4
_x(075.2)
_z376.4(075.2)
100 1 _aДобрев, Златко Иванов
_eпърви автор
_9242969
700 1 _aПасков, Паско Костов
_eсъавт.
_9247621
700 1 _aСтамова, Калинка Стамова
_eсъавт.
_9247622
139 _aДобрев, Златко Иванов и др.
_bД 66
245 1 0 _aЛитература
_bУчебник за V кл. на помощните у-ща
_cЗлатко Иванов Добрев; съавт. Паско Костов Пасков; съавт. Калинка Стамова Стамова.
257 _aBGR
260 София
_bПросвета
_c1994
_fРусе : Дунав прес
300 _a134 с.
_bс ил., портр.
_c24 см
380 _a3
650 4 _aЛитература - учебници за помощни училища
_9247623
653 _aлитература
653 _aпомощни училища
653 _aV кл.
852 _aЦб 182347
856 4 _qpdf
_u
856 4 _qpdf
_u
942 _cKNG
_n0
944 _aCR
_c15.01.2003
_kГеновева_Генчева
944 _aED
_c15.04.2015
_kМилена_Ачева
999 _c3660
_d3660